[Event "FRA T0708W"]
[Site "France "]
[Date "2007.??.??"]
[Round "1.1"]
[White "Ollivier, Clemence"]
[Black "Fantin, Alison"]
[Result "0-1"]
[WhiteElo "1300"]
[BlackElo "1905"]
[PlyCount "160"]
[EventDate "2008.??.??"]
[EventType "team-swiss"]
[EventRounds "3"]
[EventCountry "FRA"]

1. e4 d5 2. e5 Bf5 3. d4 e6 4. Bd3 Bxd3 5. Qxd3 Qd7 6. Nf3 c5 7. c3 Nc6 8. O-O
cxd4 9. Nxd4 Nxe5 10. Qg3 Ng6 11. Na3 Bd6 12. Qd3 a6 13. c4 dxc4 14. Nxc4 Bc5
15. Rd1 O-O-O 16. Be3 e5 17. Rac1 Kc7 18. Nxe5 Nxe5 19. Rxc5+ Nc6 20. Bf4+ Kb6
21. Rc4 Nge7 22. Qb3+ Ka7 23. Be3 Ka8 24. f3 Nf5 25. Bf2 Nfxd4 26. Bxd4 b5 27.
Rc5 Nxd4 28. Qe3 Nxf3+ 29. Qxf3+ Qb7 30. Rxd8+ Rxd8 31. Qg4 f6 32. h3 Qd7 33.
Qe4+ Ka7 34. Qe3 Qd1+ 35. Kh2 Qd6+ 36. Kg1 Kb8 37. Rf5 Qd1+ 38. Kh2 Qd6+ 39.
Kh1 Rd7 40. h4 Re7 41. Qf2 Rc7 42. Qe3 Re7 43. Qf2 Qd1+ 44. Kh2 Qd6+ 45. Kg1
Rc7 46. Qe3 Kb7 47. Qf3+ Kb8 48. Qe3 Kb7 49. Qf3+ Qc6 50. Qf2 Qb6 51. Qxb6+
Kxb6 52. Rd5 Kc6 53. Rd2 Rd7 54. Rc2+ Kd5 55. Rd2+ Ke6 56. Re2+ Kf5 57. g3 Kg4
58. Re3 Rd2 59. Rb3 f5 60. Kf1 h6 61. Ke1 Rg2 62. Kf1 Rxg3 63. Rb4+ f4 64. Kf2
Rh3 65. a4 bxa4 66. Rxa4 Rh2+ 67. Ke1 Rxb2 68. Rd4 g5 69. h5 Kxh5 70. Rd3 g4
71. Kf1 g3 72. Kg1 Kg4 73. Kf1 h5 74. Kg1 h4 75. Kf1 h3 76. Ke1 h2 77. Rd2
h1=Q+ 78. Ke2 Qg2+ 79. Ke1 Qxd2+ 80. Kf1 Qf2# 0-1

[Event "FRA T0708W"]
[Site "France "]
[Date "2008.??.??"]
[Round "1.2"]
[White "Benard, Nathalie"]
[Black "Chaumont, Adeline"]
[Result "0-1"]
[WhiteElo "1670"]
[BlackElo "2065"]
[PlyCount "68"]
[EventDate "2008.??.??"]
[EventType "team-swiss"]
[EventRounds "3"]
[EventCountry "FRA"]

1. e4 c6 2. Nf3 d5 3. exd5 cxd5 4. d4 Nc6 5. c3 Nf6 6. Bd3 Bg4 7. O-O e6 8. Bf4
Bd6 9. Bxd6 Qxd6 10. Nbd2 O-O 11. Qe1 Nd7 12. Ng5 h6 13. f3 Bf5 14. Bxf5 exf5
15. Nh3 Rfe8 16. Qh4 Re2 17. Rad1 g5 18. Qh5 Qe6 19. Rf2 Rxf2 20. Kxf2 Re8 21.
f4 g4 22. Ng1 Qe3+ 23. Kf1 Qxf4+ 24. Ndf3 gxf3 25. Nxf3 Nf6 26. Qh3 Ng4 27. Re1
Rxe1+ 28. Kxe1 Qe3+ 29. Kd1 Nf2+ 30. Kc2 Qd3+ 31. Kb3 Qc4+ 32. Ka3 Nxh3 33.
gxh3 b5 34. Ne5 Qa4# 0-1

[Event "FRA T0708W"]
[Site "France "]
[Date "2007.??.??"]
[Round "1.2"]
[White "Selimanjin, Izeta"]
[Black "Noleau, Marie Oceane"]
[Result "1-0"]
[WhiteElo "1780"]
[BlackElo "1600"]
[PlyCount "137"]
[EventDate "2008.??.??"]
[EventType "team-swiss"]
[EventRounds "3"]
[EventCountry "FRA"]

1. b3 e5 2. Bb2 Nc6 3. e3 Nf6 4. Bb5 d6 5. Nc3 a6 6. Be2 Bf5 7. a3 d5 8. Nf3
Bc5 9. Na4 Bd6 10. Nh4 Bd7 11. g3 d4 12. b4 b6 13. c3 a5 14. Qc2 axb4 15. axb4
dxc3 16. dxc3 O-O 17. O-O Qe7 18. b5 Na7 19. Nf5 Qe6 20. Nxd6 Qxd6 21. Ba3 Qd5
22. e4 Qb7 23. Bxf8 Rxf8 24. c4 Bh3 25. Rfe1 c6 26. Nc3 Rc8 27. Red1 g6 28. Bf3
cxb5 29. Qa2 Rc7 30. Nxb5 Nxb5 31. Qa8+ Bc8 32. Qxb7 Bxb7 33. cxb5 Bxe4 34.
Bxe4 Nxe4 35. Rac1 Nc3 36. Rd8+ Kg7 37. Rc2 Nxb5 38. Rxc7 Nxc7 39. Rd7 Ne6 40.
Rb7 Kh6 41. Rxb6 Nc5 42. Kg2 f5 43. Rb5 Nd3 44. Kf3 Ne1+ 45. Ke2 Nc2 46. Rxe5
Nd4+ 47. Ke3 Nc6 48. Rc5 Nd8 49. Rc4 Ne6 50. Rh4+ Kg7 51. g4 f4+ 52. Ke4 g5 53.
Rh3 Kg6 54. Rc3 Nd8 55. Rb3 Nf7 56. Rb6+ Kg7 57. Kf5 h6 58. Rb7 Kf8 59. Kf6 Nd6
60. Rb8+ Ne8+ 61. Kg6 Ke7 62. Kxh6 Nd6 63. Kxg5 Ne4+ 64. Kxf4 Nxf2 65. h4 Nd3+
66. Kf5 Kf7 67. Rb7+ Ke8 68. h5 Nc5 69. Ra7 1-0

[Event "FRA T0708W"]
[Site "France "]
[Date "2008.??.??"]
[Round "1.3"]
[White "Canterel, Cecile"]
[Black "Flear, Christine"]
[Result "0-1"]
[WhiteElo "1650"]
[BlackElo "2142"]
[PlyCount "32"]
[EventDate "2008.??.??"]
[EventType "team-swiss"]
[EventRounds "3"]
[EventCountry "FRA"]

1. c4 e6 2. Nc3 d5 3. cxd5 exd5 4. e3 Nf6 5. g3 Nc6 6. Bg2 Nb4 7. d3 Bf5 8. e4
dxe4 9. dxe4 Qxd1+ 10. Kxd1 O-O-O+ 11. Ke2 Bg4+ 12. f3 Be6 13. Bg5 Nc2 14. Rc1
Bc4+ 15. Kf2 Bc5+ 16. Be3 Bxe3# 0-1

[Event "FRA T0708W"]
[Site "France "]
[Date "2007.??.??"]
[Round "1.3"]
[White "Lerat, Yvette"]
[Black "Brichet, Nathalie"]
[Result "1/2-1/2"]
[WhiteElo "1909"]
[BlackElo "1299"]
[PlyCount "102"]
[EventDate "2008.??.??"]
[EventType "team-swiss"]
[EventRounds "3"]
[EventCountry "FRA"]

1. Nf3 d5 2. c4 Nf6 3. g3 Nc6 4. cxd5 Qxd5 5. Nc3 Qf5 6. Bg2 e6 7. O-O Bc5 8.
d3 O-O 9. Nh4 Qg4 10. h3 Qxg3 11. Nf3 e5 12. e3 Qg6 13. Kh2 Be6 14. e4 Rad8 15.
Nh4 Qh5 16. Qxh5 Nxh5 17. Nd5 Rd7 18. Be3 Nd4 19. Rac1 b6 20. Nf3 h6 21. Nd2 c6
22. Nc3 Nf4 23. Bxf4 exf4 24. b3 f5 25. f3 g5 26. Rfe1 Ba3 27. Rcd1 h5 28. exf5
Bxf5 29. Nce4 g4 30. fxg4 hxg4 31. hxg4 Bxg4 32. Bh3 Rh7 33. Ng5 Rh5 34. Rg1
Bxd1 35. Ne6+ Kf7 36. Nxf8 Kxf8 37. Rxd1 Bd6 38. Rh1 f3+ 39. Kg1 Ne2+ 40. Kf2
Nd4 41. Ne4 Bc7 42. Ke3 c5 43. Nf2 Re5+ 44. Ne4 Kf7 45. Bd7 Kg6 46. Rg1+ Kh5
47. Bg4+ Kh4 48. Bxf3 Nxf3 49. Kxf3 Rf5+ 50. Ke2 Kh3 51. Rg3+ Kh4 1/2-1/2

[Event "FRA T0708W"]
[Site "France "]
[Date "2008.??.??"]
[Round "1.4"]
[White "Hamdouchi Bogza, Adina Maria"]
[Black "Perrier, Lea"]
[Result "1-0"]
[WhiteElo "2297"]
[BlackElo "1647"]
[PlyCount "65"]
[EventDate "2008.??.??"]
[EventType "team-swiss"]
[EventRounds "3"]
[EventCountry "FRA"]

1. d4 Nf6 2. g3 e6 3. Bg2 d5 4. Nf3 Bd6 5. O-O Nbd7 6. c4 c6 7. Nc3 O-O 8. Nd2
dxc4 9. Nxc4 Bc7 10. e4 e5 11. d5 cxd5 12. exd5 Nb6 13. Ne3 a6 14. a4 Bd6 15.
a5 Nbd7 16. Bd2 b5 17. Nf5 Nc5 18. Nxd6 Qxd6 19. b4 Nd3 20. Bg5 Bf5 21. Bxf6
Qxf6 22. Ne4 Bxe4 23. Bxe4 Nb2 24. Qc2 Nc4 25. Bxh7+ Kh8 26. Bd3 Rac8 27. Qe2
Rfe8 28. Rac1 Nd6 29. Rxc8 Rxc8 30. Re1 Nc4 31. Qh5+ Qh6 32. Qxf7 Qd2 33. Re4
1-0

[Event "FRA T0708W"]
[Site "France "]
[Date "2010.??.??"]
[Round "1.6"]
[White "Fernandez, Laura"]
[Black "Magnin, Segolene"]
[Result "1/2-1/2"]
[WhiteElo "2025"]
[BlackElo "1799"]
[PlyCount "70"]
[EventDate "2008.??.??"]
[EventType "team-swiss"]
[EventRounds "3"]
[EventCountry "FRA"]

1. e4 e6 2. Nf3 d5 3. Nc3 d4 4. Ne2 c5 5. c3 dxc3 6. bxc3 Nf6 7. Ng3 Qa5 8. Qb3
Nc6 9. Bb5 Bd7 10. O-O a6 11. Bxc6 Bxc6 12. Ne5 Qc7 13. Nxc6 Qxc6 14. e5 c4 15.
Qd1 Nd5 16. Qf3 Rd8 17. a4 Ne7 18. Ne4 Ng6 19. d4 cxd3 20. Bf4 Nxf4 21. Qxf4
Be7 22. a5 Rd5 23. c4 Rd7 24. Qg4 g5 25. Rab1 h5 26. Qf3 Rd4 27. Nd6+ Bxd6 28.
Qf6 Rg8 29. exd6 Rxd6 30. c5 Rd7 31. Rb6 Qd5 32. c6 bxc6 33. Rb8+ Rd8 34. Rb7
Rd7 35. Rb8+ Rd8 1/2-1/2

[Event "FRA T0708W"]
[Site "France "]
[Date "2010.??.??"]
[Round "1.7"]
[White "Decor, Cindy"]
[Black "Gadarinian, Caroline"]
[Result "0-1"]
[WhiteElo "1770"]
[BlackElo "1909"]
[PlyCount "78"]
[EventDate "2008.??.??"]
[EventType "team-swiss"]
[EventRounds "3"]
[EventCountry "FRA"]

1. e4 d6 2. d4 Nf6 3. Nc3 c6 4. Bc4 b5 5. Bb3 b4 6. e5 dxe5 7. dxe5 Qxd1+ 8.
Nxd1 Nd5 9. Ne3 e6 10. Nf3 Bb7 11. Ba4 Nd7 12. Nxd5 exd5 13. O-O Nc5 14. Bb3 a5
15. a4 Nxb3 16. cxb3 c5 17. Nd2 Be7 18. Rd1 O-O 19. Nf3 Rfe8 20. Bf4 Bd8 21.
Rac1 Rc8 22. h3 c4 23. bxc4 dxc4 24. Nd4 Ba6 25. Rd2 Bb6 26. Ne2 Rcd8 27. Rxd8
Rxd8 28. Kf1 Kf8 29. Ke1 Bd4 30. Rc2 Ke7 31. Rd2 Bb6 32. Rxd8 Kxd8 33. Be3 Bxe3
34. fxe3 Kd7 35. Nd4 Bb7 36. g3 Bc6 37. Nxc6 Kxc6 38. Kd2 Kd5 39. e6 fxe6 0-1

[Event "FRA T0708W"]
[Site "France "]
[Date "2008.??.??"]
[Round "1.8"]
[White "Bismuth, Sarah"]
[Black "Bartolo, Alexia"]
[Result "1/2-1/2"]
[WhiteElo "1769"]
[BlackElo "1650"]
[PlyCount "91"]
[EventDate "2008.??.??"]
[EventType "team-swiss"]
[EventRounds "3"]
[EventCountry "FRA"]

1. e4 e5 2. Nf3 Nc6 3. Bc4 Bc5 4. c3 Bb6 5. d3 d6 6. Nbd2 Bg4 7. O-O f5 8. h3
Bh5 9. Re1 f4 10. b4 Qf6 11. Qb3 Nge7 12. a4 a5 13. b5 Nd8 14. Bb2 Ng6 15. d4
Nh4 16. dxe5 dxe5 17. Be2 Nxf3+ 18. Nxf3 Ne6 19. Rad1 O-O 20. Ba3 Rfe8 21. Qd5
Bxf3 22. Bxf3 Rab8 23. Bb2 Red8 24. Qb3 Kh8 25. Qc2 Rxd1 26. Rxd1 Rd8 27. Rxd8+
Qxd8 28. Bg4 Nc5 29. Be2 Qf6 30. Bf3 Qd6 31. Be2 Ne6 32. Bg4 Ng5 33. h4 Ne6 34.
Bxe6 Qxe6 35. Qd3 Qd6 36. Qe2 Qf6 37. Qg4 Qd8 38. h5 h6 39. c4 Bd4 40. Bxd4
Qxd4 41. Qc8+ Kh7 42. Qf5+ Kh8 43. Qc8+ Kh7 44. Qf5+ Kh8 45. Qf8+ Kh7 46. Qf5+
1/2-1/2

[Event "FRA T0708W"]
[Site "France "]
[Date "2010.??.??"]
[Round "1.9"]
[White "Lazare, Christelle"]
[Black "Aggoune, Audessa"]
[Result "1-0"]
[WhiteElo "1520"]
[BlackElo "1660"]
[PlyCount "109"]
[EventDate "2008.??.??"]
[EventType "team-swiss"]
[EventRounds "3"]
[EventCountry "FRA"]

1. d4 d5 2. c4 c6 3. Nc3 Nf6 4. Nf3 Bf5 5. Bf4 e6 6. e3 Bd6 7. Bg5 Nbd7 8. Bd3
Bg6 9. O-O Qc7 10. c5 Be7 11. Bf4 Qd8 12. Qc2 b6 13. b4 b5 14. a4 a6 15. axb5
axb5 16. Bxg6 hxg6 17. Ra2 O-O 18. Rfa1 Rxa2 19. Rxa2 Qc8 20. Qb1 Bd8 21. Qa1
Bc7 22. Bxc7 Qxc7 23. Ra8 Rxa8 24. Qxa8+ Nb8 25. Ne5 Kh7 26. Nxf7 Qxf7 27. Qxb8
Ng4 28. Qg3 Qa7 29. Qxg4 Qa1+ 30. Nd1 Qa4 31. Qe2 Qxb4 32. g3 Qb1 33. Kf1 b4
34. Ke1 b3 35. Qd2 Qc2 36. Nc3 Qf5 37. h4 Qf8 38. Qb2 Qb8 39. Nb1 Qf8 40. Qxb3
Qf3 41. Qd1 Qh1+ 42. Kd2 Qg2 43. Qe2 Qe4 44. Nc3 Qf5 45. Na4 Qb1 46. Nb6 Qb4+
47. Kc2 Qa3 48. Qd2 Qa2+ 49. Kd1 Qb1+ 50. Ke2 Qb5+ 51. Qd3 Qb2+ 52. Kf3 Qc1 53.
Kg2 Qb2 54. Nd7 Qb5 55. Ne5 1-0

[Event "FRA T0708W"]
[Site "France "]
[Date "2010.??.??"]
[Round "1.10"]
[White "Mollard, Anne"]
[Black "Soubrier, Aude"]
[Result "0-1"]
[WhiteElo "1830"]
[BlackElo "1979"]
[PlyCount "102"]
[EventDate "2008.??.??"]
[EventType "team-swiss"]
[EventRounds "3"]
[EventCountry "FRA"]

1. e4 e5 2. Nf3 Nc6 3. d4 exd4 4. Nxd4 Nf6 5. Bg5 h6 6. Nxc6 bxc6 7. Bh4 Be7 8.
Bd3 d5 9. exd5 cxd5 10. Bb5+ Bd7 11. Bxd7+ Qxd7 12. O-O O-O 13. Nd2 Rab8 14. b3
Rb6 15. c3 Qf5 16. Nf3 Ba3 17. Nd4 Qd7 18. Qc2 Ne4 19. f3 c5 20. Ne2 Nd6 21.
Bf2 Rc8 22. Qd2 Qf5 23. Rad1 Re8 24. Rfe1 d4 25. Qd3 dxc3 26. Qxf5 Nxf5 27.
Nxc3 Rbe6 28. Rxe6 Rxe6 29. Ne4 Rc6 30. Rd5 Nd4 31. Bxd4 cxd4 32. Rxd4 f5 33.
Rd8+ Kh7 34. Nd2 Rc2 35. Kf1 Rxa2 36. Ke2 Bc5 37. Rd5 Bb4 38. Ke3 f4+ 39. Ke2
g5 40. g3 g4 41. gxf4 gxf3+ 42. Ke3 f2 43. Nf1 Be1 44. Rd1 Ra3 45. Rb1 Ra6 46.
Kf3 Rg6 47. Ke2 Rg4 48. Rxe1 fxe1=Q+ 49. Kxe1 Rxf4 50. Ke2 Kg6 51. Ng3 Rb4 0-1

[Event "FRA T0708W"]
[Site "France "]
[Date "2010.??.??"]
[Round "1.11"]
[White "Mehiaoui, Dounia"]
[Black "Cuffaro, Laetitia"]
[Result "1-0"]
[WhiteElo "1855"]
[BlackElo "1710"]
[PlyCount "99"]
[EventDate "2008.??.??"]
[EventType "team-swiss"]
[EventRounds "3"]
[EventCountry "FRA"]

1. e4 d6 2. d4 Nf6 3. Nc3 g6 4. f4 Bg7 5. Nf3 O-O 6. Bd3 c6 7. a4 Qc7 8. O-O
Nbd7 9. e5 Nd5 10. Nxd5 cxd5 11. Qe2 dxe5 12. fxe5 Nb8 13. Bf4 Qb6 14. c3 Bd7
15. Qd2 Nc6 16. Kh1 Rac8 17. Bh6 Na5 18. Bxg7 Kxg7 19. Qe2 Nb3 20. Ra3 Na5 21.
Rc1 Nc4 22. Raa1 Qxb2 23. Bxc4 Qxe2 24. Bxe2 Rc7 25. Kg1 f6 26. h3 Rfc8 27. Ra3
b6 28. Ba6 Rf8 29. exf6+ exf6 30. Kf2 Rf7 31. Bb5 Bf5 32. a5 Rfe7 33. axb6 axb6
34. Ra6 Re6 35. c4 Rd6 36. c5 Re6 37. c6 Ree7 38. Rxb6 Rf7 39. Ba6 Bc8 40. Bxc8
Rxc8 41. Rc5 Rfc7 42. Rb7 Rxb7 43. cxb7 Rb8 44. Rc7+ Kh6 45. Nd2 Kg5 46. Nb3 h5
47. Nc5 h4 48. Nd7 Re8 49. Rc8 Rxc8 50. bxc8=Q 1-0

[Event "FRA T0708W"]
[Site "France "]
[Date "2010.??.??"]
[Round "1.12"]
[White "Dalicieux, Amandine"]
[Black "Colombi Gamrat, Marie Pierre"]
[Result "0-1"]
[WhiteElo "1290"]
[BlackElo "1900"]
[PlyCount "90"]
[EventDate "2008.??.??"]
[EventType "team-swiss"]
[EventRounds "3"]
[EventCountry "FRA"]

1. d4 d5 2. c4 e6 3. Nc3 Nf6 4. Bg5 Be7 5. cxd5 exd5 6. g3 O-O 7. Bg2 c6 8. e4
dxe4 9. Nxe4 Qa5+ 10. Qd2 Bb4 11. Nc3 Nd5 12. Nge2 h6 13. Be3 Nxe3 14. Qxe3 Bd7
15. O-O Re8 16. Qd3 Bf5 17. Ne4 Nd7 18. a3 Bf8 19. N2c3 Bg6 20. Rfe1 f5 21. b4
Qd8 22. Qc4+ Bf7 23. d5 fxe4 24. Rxe4 Ne5 25. Qe2 Qf6 26. Rf4 Qd6 27. dxc6 bxc6
28. b5 Rac8 29. bxc6 Nxc6 30. Qf3 Ne5 31. Qe3 Qd3 32. Qxd3 Nxd3 33. Ra4 Rxc3
34. Rxa7 Bc5 35. Rc7 Bxf2+ 36. Kf1 Rxc7 37. Rd1 Bb6 38. Bf3 Rc1 39. Rxc1 Nxc1
40. a4 Bc4+ 41. Kg2 Rd8 42. a5 Bxa5 43. g4 Rd2+ 44. Kg3 Bc7+ 45. Kh3 Rxh2# 0-1

[Event "FRA T0708W"]
[Site "France "]
[Date "2008.??.??"]
[Round "1.14"]
[White "Bannwarth, Frederique"]
[Black "Karsenti, Madeleine"]
[Result "1-0"]
[WhiteElo "1858"]
[BlackElo "1540"]
[PlyCount "155"]
[EventDate "2008.??.??"]
[EventType "team-swiss"]
[EventRounds "3"]
[EventCountry "FRA"]

1. e4 e5 2. Nf3 d6 3. d4 exd4 4. Nxd4 Nf6 5. Nc3 Be7 6. Be2 O-O 7. g4 c5 8. Nf5
Bxf5 9. exf5 Nc6 10. Be3 Re8 11. Rg1 a6 12. g5 Nd7 13. f6 Bf8 14. fxg7 Kxg7 15.
Qd2 b5 16. Nd5 Kh8 17. Qd3 Bg7 18. c3 Nce5 19. Qf5 Kg8 20. Nf6+ Bxf6 21. gxf6+
Kh8 22. Rg7 Nxf6 23. Bh6 Rg8 24. Qg5 Ne4 25. Qg2 Qf6 26. Qxe4 Qxh6 27. Rg2 Rae8
28. Kf1 Rxg2 29. Qxg2 Qg6 30. Rd1 Qxg2+ 31. Kxg2 Rf8 32. f4 Ng6 33. Kg3 Kg7 34.
Bf3 a5 35. Bd5 b4 36. Re1 Kf6 37. Re3 h6 38. Kg4 Ne7 39. c4 Nf5 40. Rh3 Kg6 41.
Bxf7+ Kxf7 42. Kxf5 Rh8 43. Rg3 Rh7 44. Rg6 Ke7 45. Ke4 h5 46. Kd5 Rf7 47. Rxd6
Rxf4 48. Kxc5 Rf2 49. Ra6 Rxb2 50. Rxa5 b3 51. axb3 Rxb3 52. Ra2 Rb8 53. Rg2
Rc8+ 54. Kd4 Rd8+ 55. Kc3 Kf6 56. c5 Ke6 57. Kc4 Rc8 58. Rg6+ Kf5 59. Rg2 h4
60. h3 Rc7 61. Rg4 Rh7 62. c6 Ke6 63. Kb5 Kd5 64. Rg5+ Kd4 65. Kb6 Rh8 66. c7
Rh6+ 67. Kb7 Rh7 68. Kb8 Rxc7 69. Kxc7 Ke4 70. Rg4+ Kf5 71. Kd6 Kf6 72. Rxh4
Kg7 73. Rf4 Kh7 74. Rg4 Kh6 75. Ke5 Kh7 76. Kf6 Kh8 77. Kf7 Kh7 78. Rh4# 1-0

[Event "FRA T0708W"]
[Site "France "]
[Date "2008.??.??"]
[Round "2.1"]
[White "Fantin, Alison"]
[Black "Cosma, Elena Luminita"]
[Result "0-1"]
[WhiteElo "1905"]
[BlackElo "2374"]
[PlyCount "116"]
[EventDate "2008.??.??"]
[EventType "team-swiss"]
[EventRounds "3"]
[EventCountry "FRA"]

1. e4 e6 2. Qe2 Be7 3. Nf3 d5 4. exd5 exd5 5. g3 Nf6 6. d3 O-O 7. Bg2 Bb4+ 8.
c3 Re8 9. Be3 Bd6 10. O-O Ng4 11. Nbd2 Nc6 12. Nb3 Bd7 13. Qd2 Nxe3 14. fxe3
Be7 15. Kh1 Bg4 16. Qf2 Bh5 17. Nfd4 Nxd4 18. Nxd4 Bf6 19. Nf3 c6 20. Rae1 Bg6
21. Qd2 Qb6 22. a3 h6 23. Re2 Re7 24. Rfe1 Rae8 25. h3 Qc7 26. Kh2 h5 27. h4
Bf5 28. Bh3 Bg4 29. Bxg4 hxg4 30. Nd4 g6 31. Kg2 Be5 32. Rh1 Bxg3 33. h5 Qe5
34. hxg6 fxg6 35. e4 Bf4 36. Qe1 Qg5 37. Qh4 Qxh4 38. Rxh4 dxe4 39. dxe4 Rxe4
40. Rxe4 Rxe4 41. Rxg4 g5 42. Kf2 Re5 43. Ne2 Be3+ 44. Kf3 Kf7 45. Re4 Rxe4 46.
Kxe4 Bd2 47. Kf5 Ke7 48. b3 a5 49. c4 Kd7 50. Nd4 Bc1 51. a4 Kd6 52. Ke4 Bf4
53. Kf3 Kc5 54. Nc2 Kd6 55. Nd4 Ke5 56. Nc2 Bc1 57. b4 axb4 58. Nxb4 Kd4 0-1

[Event "FRA T0708W"]
[Site "France "]
[Date "2008.??.??"]
[Round "2.1"]
[White "Rachez, Pascale"]
[Black "Bernard, Aline"]
[Result "1/2-1/2"]
[WhiteElo "1925"]
[BlackElo "1850"]
[PlyCount "52"]
[EventDate "2008.??.??"]
[EventType "team-swiss"]
[EventRounds "3"]
[EventCountry "FRA"]

1. e4 e5 2. Nf3 Nc6 3. Bc4 Nf6 4. O-O Bc5 5. d4 Bxd4 6. Nxd4 Nxd4 7. Bg5 d6 8.
f4 Be6 9. Bxe6 Nxe6 10. Bxf6 Qxf6 11. f5 Nc5 12. b4 Nxe4 13. Qd5 Qh4 14. Qb5+
c6 15. Qxb7 O-O 16. Qxc6 Rfc8 17. Qd5 Rab8 18. c3 Nxc3 19. Nxc3 Rxc3 20. Qxd6
Qd4+ 21. Qxd4 exd4 22. a3 d3 23. Rfd1 h6 24. Rd2 Rd8 25. Kf2 Re8 26. Re1 Rxa3
1/2-1/2

[Event "FRA T0708W"]
[Site "France "]
[Date "2008.??.??"]
[Round "2.2"]
[White "Chaumont, Adeline"]
[Black "Sadoune, Emilie"]
[Result "1-0"]
[WhiteElo "2065"]
[BlackElo "1450"]
[PlyCount "73"]
[EventDate "2008.??.??"]
[EventType "team-swiss"]
[EventRounds "3"]
[EventCountry "FRA"]

1. d4 d5 2. c4 c6 3. Nc3 Nf6 4. e3 e6 5. Nf3 Nbd7 6. Qc2 Be7 7. b3 O-O 8. Bd3
h6 9. O-O Qc7 10. Bb2 b6 11. Rac1 Bb7 12. cxd5 cxd5 13. Nxd5 Qxc2 14. Nxe7+ Kh8
15. Rxc2 Rfe8 16. Nc6 Nd5 17. a3 Rec8 18. Nce5 Nxe5 19. Rxc8+ Rxc8 20. Nxe5 f6
21. Nf7+ Kg8 22. Nd6 Rc7 23. Nxb7 Rxb7 24. Rc1 Kf7 25. Be4 Rd7 26. Bxd5 Rxd5
27. Rc7+ Kg6 28. Rxa7 e5 29. g3 b5 30. e4 Rd6 31. dxe5 fxe5 32. Bxe5 Re6 33.
Rxg7+ Kh5 34. Bf4 Rxe4 35. Kg2 b4 36. g4+ Kh4 37. Bg3# 1-0

[Event "FRA T0708W"]
[Site "France "]
[Date "2008.??.??"]
[Round "2.2"]
[White "Noleau, Marie Oceane"]
[Black "Benard, Nathalie"]
[Result "1/2-1/2"]
[WhiteElo "1600"]
[BlackElo "1670"]
[PlyCount "70"]
[EventDate "2008.??.??"]
[EventType "team-swiss"]
[EventRounds "3"]
[EventCountry "FRA"]

1. e4 e5 2. Nf3 d6 3. Nc3 Be7 4. Bc4 Nf6 5. d4 exd4 6. Nxd4 O-O 7. O-O a6 8.
Re1 b5 9. Bd3 c5 10. Nf3 c4 11. e5 cxd3 12. exf6 Bxf6 13. Qxd3 Bb7 14. Bf4 d5
15. Rad1 Bxc3 16. Qxc3 Nd7 17. Bd6 Re8 18. Rxe8+ Qxe8 19. Re1 Qd8 20. Re7 Rc8
21. Qe3 h6 22. h3 Nf6 23. Bc5 Ne4 24. b4 Ba8 25. Ra7 Rc6 26. Nd2 Nxc5 27. bxc5
Re6 28. Qa3 Qc8 29. Nf3 Bb7 30. Nd4 Re1+ 31. Kh2 Qb8+ 32. g3 Qxa7 33. Nxb5 Qb8
34. Nd6 Re7 35. Nf5 Re6 1/2-1/2

[Event "FRA T0708W"]
[Site "France "]
[Date "2008.??.??"]
[Round "2.2"]
[White "Schlaeppi, Coralie"]
[Black "Selimanjin, Izeta"]
[Result "1/2-1/2"]
[WhiteElo "1630"]
[BlackElo "1780"]
[PlyCount "121"]
[EventDate "2008.??.??"]
[EventType "team-swiss"]
[EventRounds "3"]
[EventCountry "FRA"]

1. e4 b6 2. d4 Bb7 3. Nc3 e6 4. Bc4 Bb4 5. Qg4 Qf6 6. e5 Qg6 7. Qxg6 hxg6 8. f3
Nc6 9. Nge2 O-O-O 10. Bd2 d6 11. a3 Bxc3 12. Bxc3 dxe5 13. dxe5 g5 14. b4 Nge7
15. Bb2 Ng6 16. b5 Ncxe5 17. Bb3 Bd5 18. Bxd5 Rxd5 19. a4 f6 20. Bc3 Nc4 21.
Kf2 e5 22. Ng3 Ne7 23. h3 f5 24. Rhe1 g6 25. Reb1 Rf8 26. Rb4 Nd6 27. Re1 Nf7
28. Nf1 Rc5 29. Rb3 Rd8 30. Re2 c6 31. Bb4 Rdd5 32. Bxc5 Rxc5 33. g3 Nd6 34.
Rd3 Kc7 35. f4 Ne4+ 36. Kg2 gxf4 37. gxf4 exf4 38. Kf3 Nd5 39. bxc6 Kxc6 40. h4
Ndc3 41. Rg2 Nxa4 42. Rxg6+ Kb5 43. h5 Rxc2 44. Kxf4 Nac5 45. Rf3 Nd7 46. h6
Nef6 47. Kxf5 Rc5+ 48. Kf4 Rh5 49. Rg5+ Nd5+ 50. Kg4 Rxh6 51. Rxd5+ Kc6 52.
Rxd7 Kxd7 53. Rf7+ Kc6 54. Rxa7 Kc5 55. Ne3 b5 56. Rc7+ Rc6 57. Rb7 Rb6 58.
Rxb6 Kxb6 59. Kf4 Kc5 60. Ke4 b4 61. Kd3 1/2-1/2

[Event "FRA T0708W"]
[Site "France "]
[Date "2008.??.??"]
[Round "2.2"]
[White "Vernhet, Alexia"]
[Black "Hamdouchi Bogza, Adina Maria"]
[Result "0-1"]
[WhiteElo "1743"]
[BlackElo "2297"]
[PlyCount "72"]
[EventDate "2008.??.??"]
[EventType "team-swiss"]
[EventRounds "3"]
[EventCountry "FRA"]

1. d4 Nf6 2. c4 g6 3. Nc3 Bg7 4. e4 O-O 5. Nf3 c6 6. h3 d5 7. cxd5 cxd5 8. e5
Ne8 9. Be3 Nc7 10. Qd2 Re8 11. Rc1 Nc6 12. Be2 f6 13. exf6 exf6 14. O-O a6 15.
Na4 Ne6 16. Nc5 Nxc5 17. dxc5 Be6 18. Nd4 Bf7 19. Bf3 Rc8 20. b4 Ne5 21. Be2
Nc4 22. Bxc4 dxc4 23. Rfd1 f5 24. a4 Qd5 25. Ne2 Qxd2 26. Rxd2 Rcd8 27. Rxd8
Rxd8 28. b5 axb5 29. axb5 Be5 30. c6 bxc6 31. bxc6 Rc8 32. Bd4 Bd6 33. Ra1 Rxc6
34. Ra8+ Bf8 35. Bb2 Re6 36. Kf1 Re8 0-1

[Event "FRA T0708W"]
[Site "France "]
[Date "2010.??.??"]
[Round "2.3"]
[White "Flear, Christine"]
[Black "Kamal, Fatima Zahra"]
[Result "1-0"]
[WhiteElo "2142"]
[BlackElo "1823"]
[PlyCount "57"]
[EventDate "2008.??.??"]
[EventType "team-swiss"]
[EventRounds "3"]
[EventCountry "FRA"]

1. d4 Nf6 2. Nf3 g6 3. g3 Bg7 4. Bg2 O-O 5. O-O d6 6. c4 Nbd7 7. Nc3 c6 8. e4
Nb6 9. Qe2 d5 10. cxd5 cxd5 11. e5 Ne8 12. h3 Nc7 13. a4 a5 14. b3 Ne6 15. Ba3
Re8 16. Rfd1 f6 17. Rac1 fxe5 18. dxe5 Nf8 19. Nd4 e6 20. Ncb5 Nfd7 21. f4 g5
22. Nc7 gxf4 23. Qh5 Nxe5 24. Nxe8 Ng6 25. Nxg7 Kxg7 26. Bb2 Kg8 27. Nf3 fxg3
28. Ng5 Qe7 29. Rf1 1-0

[Event "FRA T0708W"]
[Site "France "]
[Date "2008.??.??"]
[Round "2.3"]
[White "Gaguech, Elisa"]
[Black "Lerat, Yvette"]
[Result "1-0"]
[WhiteElo "1500"]
[BlackElo "1909"]
[PlyCount "75"]
[EventDate "2008.??.??"]
[EventType "team-swiss"]
[EventRounds "3"]
[EventCountry "FRA"]

1. e4 e6 2. d4 d5 3. e5 c5 4. Ne2 Nc6 5. g3 Qb6 6. c3 Qc7 7. Bg2 b6 8. f4 Bb7
9. f5 Nce7 10. fxe6 fxe6 11. Nf4 Qd7 12. Nd2 g6 13. Nf3 Qc6 14. Ng5 Bc8 15. O-O
Nh6 16. c4 Bd7 17. dxc5 Qxc5+ 18. Kh1 Qc8 19. cxd5 exd5 20. Nxd5 Nxd5 21. Qxd5
Bf5 22. Qxa8 Qxa8 23. Bxa8 Bc5 24. h3 Ng8 25. g4 Bd3 26. Nf7 Bxf1 27. Nxh8 Bc4
28. Bf4 Kf8 29. b3 Be6 30. Rd1 Be7 31. Bd5 Bxd5+ 32. Rxd5 Kg7 33. e6 Kxh8 34.
g5 h6 35. h4 a6 36. Be5+ Kh7 37. Rd7 hxg5 38. hxg5 1-0

[Event "FRA T0708W"]
[Site "France "]
[Date "2008.??.??"]
[Round "2.4"]
[White "Buscara, Lena"]
[Black "Franc, Nathalie"]
[Result "0-1"]
[WhiteElo "1691"]
[BlackElo "2015"]
[PlyCount "64"]
[EventDate "2008.??.??"]
[EventType "team-swiss"]
[EventRounds "3"]
[EventCountry "FRA"]

1. e4 d6 2. d4 Nf6 3. Nc3 Nbd7 4. Be3 e5 5. f3 Be7 6. Qd2 c6 7. Bd3 b5 8. g4 h6
9. Nge2 Nh7 10. O-O-O b4 11. Nb1 a5 12. Ng3 Bf6 13. Nh5 exd4 14. Nxf6+ Qxf6 15.
Bf4 Ne5 16. Bxe5 dxe5 17. Rdf1 g5 18. Qf2 Nf8 19. h4 Ng6 20. h5 Nf4 21. Bc4 O-O
22. Nd2 Rd8 23. Nb3 Qe7 24. Nd2 Qc5 25. b3 a4 26. Rd1 axb3 27. axb3 Ra2 28. Nf1
Be6 29. Ne3 Rd7 30. Ng2 Bxc4 31. bxc4 Qxc4 32. Nxf4 Ra1+ 0-1

[Event "FRA T0708W"]
[Site "France "]
[Date "2010.??.??"]
[Round "2.5"]
[White "Colombi Gamrat, Marie Pierre"]
[Black "Lebel Arias, Julia"]
[Result "0-1"]
[WhiteElo "1900"]
[BlackElo "1973"]
[PlyCount "46"]
[EventDate "2008.??.??"]
[EventType "team-swiss"]
[EventRounds "3"]
[EventCountry "FRA"]

1. d4 g6 2. Nf3 Bg7 3. g3 d6 4. Bg2 c6 5. O-O Nd7 6. c4 Nh6 7. Nc3 O-O 8. e4 f6
9. Nh4 Nf7 10. Be3 e5 11. Nf3 Re8 12. Re1 a5 13. d5 c5 14. Nb5 Nf8 15. a4 Bd7
16. Nd2 f5 17. f4 fxe4 18. Bxe4 exf4 19. Bxf4 Bxb2 20. Ra2 Bd4+ 21. Kh1 g5 22.
Be3 Bxe3 23. Rxe3 Qf6 0-1